| 000 | 00850nam a2200253Ia 4500 | ||
|---|---|---|---|
| 003 | OSt | ||
| 005 | 20221006143909.0 | ||
| 006 | a|||||r|||| 00| 0 | ||
| 007 | ta | ||
| 008 | 221006b |||||||| |||| 00| 0 eng d | ||
| 020 | _cP5.75 | ||
| 024 | _a10,340 | ||
| 037 | _cTextual | ||
| 040 |
_aEASL _cEASL _beng |
||
| 041 |
_2eng _aeng |
||
| 082 | _aW.41.M4, L0 | ||
| 100 |
_aMEADOWS Thomas Taylor _9650597 |
||
| 245 | 0 | _aDesultory notes on the government and people of China and on the Chinese language ; Illustrated with a sketch of the province of Kwang-Tung, shewing its division into departments and districts | |
| 260 |
_aNew York _bPraeger Publishers _c1970 |
||
| 300 |
_a250p. _ccm. |
||
| 490 |
_v CEL _aPraeger scholarly reprints |
||
| 942 |
_hW.41.M4, L0 _cTEXL _2CC |
||
| 999 |
_c1078426 _d1078426 |
||